Ants / (Record no. 7036)

MARC details
000 -LEADER
fixed length control field 00847nam a22002777a 4500
001 - CONTROL NUMBER
control field 7036
003 - CONTROL NUMBER IDENTIFIER
control field FISKH
005 - DATE AND TIME OF LATEST TRANSACTION
control field 20250619101948.0
008 - FIXED-LENGTH DATA ELEMENTS--GENERAL INFORMATION
fixed length control field 250619b cb ||||| |||| 00| 0 eng d
020 ## - INTERNATIONAL STANDARD BOOK NUMBER
International Standard Book Number 9780736848848
040 ## - CATALOGING SOURCE
Original cataloging agency FISKH
Language of cataloging eng
Transcribing agency FISKH
Modifying agency FISKH
050 ## - LIBRARY OF CONGRESS CALL NUMBER
Classification number QL568.F7 C788
082 ## - DEWEY DECIMAL CLASSIFICATION NUMBER
Classification number 595.79
100 ## - MAIN ENTRY--PERSONAL NAME
Personal name Coughlan, Cheryl
245 ## - TITLE STATEMENT
Title Ants /
Statement of responsibility, etc. by Cheryl Coughlan : Gail Saunders-Smith , Ph.D., Consulting Editor
260 ## - PUBLICATION, DISTRIBUTION, ETC.
Place of publication, distribution, etc. Minnesota :
Name of publisher, distributor, etc. Pebble Books ,
Date of publication, distribution, etc. 1999.
300 ## - PHYSICAL DESCRIPTION
Extent 24 pages :
Other physical details color illustrations ;
Dimensions 18 cm .
505 ## - FORMATTED CONTENTS NOTE
Formatted contents note E <br/>
520 ## - SUMMARY, ETC.
Summary, etc. Simple text and photographs present the color and body parts of ants.<br/>
521 8# - TARGET AUDIENCE NOTE
Target audience note 260 <br/>
Source Lexile <br/>
521 8# - TARGET AUDIENCE NOTE
Target audience note E <br/>
Source Raz-Plus <br/>
650 ## - SUBJECT ADDED ENTRY--TOPICAL TERM
Topical term or geographic name entry element Ants
Form subdivision Juvenile Literature
700 ## - ADDED ENTRY--PERSONAL NAME
Personal name Dunn, Gary A.
Relator term Consultant
942 ## - ADDED ENTRY ELEMENTS (KOHA)
Source of classification or shelving scheme Dewey Decimal Classification
Koha item type Books
Suppress in OPAC No
Holdings
Withdrawn status Lost status Source of classification or shelving scheme Damaged status Not for loan Collection Home library Current library Shelving location Date acquired Total Checkouts Full call number Barcode Date last seen Date last checked out Price effective from Koha item type
    Dewey Decimal Classification     Juvenile Fiction Footprints International School Library Network Toul Tom Poung Campus Footprints International School Library Network Toul Kork Campus TTP Primary Green Bookshelves 06/19/2025 1 COU 595.79 QL568.F7 C788 FIS03137 10/09/2025 09/17/2025 06/19/2025 Books